[Event "39th Olympiad Women"]
[Site "Khanty-Mansiysk RUS"]
[Date "2010.09.30"]
[Round "9"]
[White "Koskoska,G"]
[Black "Mucha,A"]
[Result "1/2-1/2"]
[WhiteElo "2142"]
[BlackElo "2005"]

1.e4 c5 2.Nc3 Nc6 3.Bb5 Nd4 4.Ba4 a6 5.d3 e6 6.Nge2 b5 7.Bb3 Ne7 8.Nxd4 cxd4
9.Ne2 Nc6 10.O-O Be7 11.Kh1 O-O 12.f4 Bb7 13.f5 Rc8 14.Bd2 Kh8 15.Qe1 Bh4
16.Ng3 Qc7 17.Rf4 Bg5 18.Rg4 Bxd2 19.Qxd2 Ne5 20.Rxg7 Rg8 21.f6 Rxg7 22.fxg7+ Kxg7
23.Qg5+ Ng6 24.Nh5+ Kf8 25.Nf6 Kg7 26.Rf1 Qe5 27.Qd2 Bc6 28.Ng4 Qh5 29.h3 Rf8
30.Qf2 Qg5 31.Qxd4+ f6 32.Qe3 Qxe3 33.Nxe3 Ne7 34.c3 a5 35.Kg1 Kg6 36.Bc2 e5
37.d4 d6 38.dxe5 dxe5 39.Rd1 Kg5 40.Rd6 h5 41.g3 h4 42.Kf2 Be8 43.Ng2 Ng6
44.Ra6 a4 45.Bd3 Bd7 46.Ra7 Rd8 47.gxh4+ Nxh4 48.Nxh4 Kxh4 49.Bf1 Bc6 50.Ke3 Rd1
51.Be2 Rb1 52.Ra6 Bd7 53.Rxf6 Rxb2 54.Rd6 Bc8 55.Rd5 Bxh3 56.Rxe5 Bg4 57.Bxb5 Rxa2
58.Bd3 a3 59.Ra5 Be6 60.c4 Ra1 61.Kd2 a2 62.Kc2 Re1 63.Rxa2 Bxc4 64.Bxc4 Rxe4
65.Kd3 Re7 66.Rg2 Kh3 67.Rg6 Kh4 68.Bd5 Kh5 69.Rg1 Kh6 70.Be4 Rg7 71.Rh1+ Kg5
72.Ke3 Ra7 73.Rg1+ Kf6 74.Kf4 Rg7 75.Ra1 Re7 76.Bf5 Rc7 77.Ra6+ Ke7 78.Re6+ Kf7
79.Rh6 Rc4+ 80.Kg5 Ke7 81.Re6+ Kf7 82.Re1 Rc5 83.Rd1 Rc7 84.Re1 Rc5 85.Re2 Ra5
86.Rh2 Ke7 87.Rh6 Rc5 88.Ra6 Rc7 89.Kg6 Rb7 90.Re6+ Kd7 91.Kf6 Kc7 92.Ke7 Rb6
93.Re1 Rc6 94.Be4 Rc4 95.Bd5 Rc5 96.Ke6 Kb6 97.Kd6 Rc3 98.Rb1+ Ka5 99.Ke5 Rc5
100.Kd4 Rb5 101.Rc1 Rb4+ 102.Bc4 Kb6 103.Rh1 Rb2 104.Rh6+ Kc7 105.Kc5 Rd2
106.Rh7+ Rd7 107.Rh4 Rg7 108.Bd5 Kd7 109.Re4 Rg5 110.Ra4 Ke7 111.Ra6 Rf5
112.Rg6 Rh5 113.Re6+ Kd7 114.Ra6 Ke7 115.Ra7+ Kf6 116.Kd6  1/2-1/2

[Event "39th Olympiad Women"]
[Site "Khanty-Mansiysk RUS"]
[Date "2010.09.30"]
[Round "9"]
[White "Maroroa,S"]
[Black "Stolarczyk,An"]
[Result "1/2-1/2"]
[WhiteElo "1981"]
[BlackElo "2071"]

1.e4 c5 2.Nc3 Nc6 3.Bb5 Nd4 4.Bc4 e6 5.Nge2 g6 6.d3 Bg7 7.O-O Ne7 8.Nxd4 cxd4
9.Ne2 O-O 10.Bg5 Re8 11.Qd2 a6 12.Bb3 Qc7 13.Bf4 Qc5 14.Bh6 Bh8 15.Qg5 d6
16.f4 f5 17.Ng3 b5 18.Rae1 Bd7 19.h4 d5 20.h5 Kf7 21.e5 a5 22.hxg6+ hxg6
23.Qh4 a4 24.Bg5 Bg7 25.Bf6 Rh8 26.Qg5 Ng8 27.Bxg7 Kxg7 28.Kf2 axb3 29.Rh1 Rxh1
30.Rxh1 bxa2 31.Nh5+ Kf8 32.Qxg6 Qe7 33.Nf6 Qf7 34.Nh7+ Ke8 35.Nf6+ Kf8 36.Nh7+ Ke8
37.Nf6+ Kf8  1/2-1/2

[Event "39th Olympiad Men"]
[Site "Khanty-Mansiysk RUS"]
[Date "2010.10.01"]
[Round "10"]
[White "Shrestha,B"]
[Black "Choi,Juni"]
[Result "1-0"]
[WhiteElo "2096"]
[BlackElo "1820"]

1.e4 c5 2.Nf3 Nc6 3.Nc3 g6 4.Bc4 Bg7 5.O-O d6 6.d3 Nf6 7.h3 O-O 8.Be3 Re8
9.Qd2 e6 10.Bb3 Na5 11.Ba4 Bd7 12.Bxd7 Nxd7 13.Rad1 Qb6 14.b3 Qb4 15.Ne2 Nc6
16.c3 Qa3 17.Bf4 Nde5 18.Nxe5 Bxe5 19.Be3 Rad8 20.f4 Bg7 21.f5 exf5 22.exf5 gxf5
23.Rxf5 Re5 24.Rdf1 Rxf5 25.Rxf5 Ne7 26.Rf4 Qa6 27.Rg4 Ng6 28.Nf4 Ne5 29.Rg3 Kf8
30.Nh5 Bh8 31.Bg5 Rd7 32.Bh4 d5 33.Qf4 Qd6 34.Nf6 Bxf6 35.Bxf6 Ng6 36.Qh6+ Ke8
37.Re3+ Ne7 38.Qg7  1-0

[Event "39th Olympiad Women"]
[Site "Khanty-Mansiysk RUS"]
[Date "2010.10.01"]
[Round "10"]
[White "Milliet,S"]
[Black "Mijovic,A"]
[Result "1-0"]
[WhiteElo "2388"]
[BlackElo "2182"]

1.e4 c5 2.Nf3 Nc6 3.Nc3 a6 4.d4 cxd4 5.Nxd4 g6 6.Be3 Bg7 7.Nd5 Nxd4 8.Bxd4 Bxd4
9.Qxd4 f6 10.O-O-O e6 11.Nb6 Rb8 12.Qd6 Ne7 13.Qxb8 Qxb6 14.f3 O-O 15.Qd6 Nc6
16.h4 Qe3+ 17.Kb1 b5 18.h5 g5 19.h6 Re8 20.a4 bxa4 21.Bxa6 Bxa6 22.Qxd7 Re7
23.Qxc6 Qa7 24.Rd8+  1-0

[Event "39th Olympiad Men"]
[Site "Khanty-Mansiysk RUS"]
[Date "2010.10.01"]
[Round "10"]
[White "Rowe,D"]
[Black "Cabralis,K"]
[Result "0-1"]
[WhiteElo "2248"]
[BlackElo "2169"]

1.Nf3 c5 2.e4 Nc6 3.Nc3 Nf6 4.Bb5 a6 5.Bxc6 dxc6 6.e5 Nd5 7.Ne4 b6 8.b3 Bf5
9.Ng3 Bg6 10.h4 h5 11.e6 f6 12.O-O Qd6 13.Re1 Nf4 14.Ne4 Bxe4 15.Rxe4 Nxe6
16.Bb2 O-O-O 17.Qe2 Nc7 18.d4 e6 19.c4 cxd4 20.Rxd4 Qe7 21.Rad1 Rxd4 22.Nxd4 Qe8
23.Qf3 Kb7 24.Re1 Bb4 25.Re2 e5 26.Nc2 Be7 27.Qe4 Qd7 28.b4 Rd8 29.f4 f5
30.Qe3 e4 31.Bd4 Bxb4 32.Bxb6 Qd1+ 33.Kh2 Rd3 34.Qf2 Rd2 35.Rxd2 Qxd2 36.Nxb4 Qxb4  0-1

[Event "39th Olympiad Men"]
[Site "Khanty-Mansiysk RUS"]
[Date "2010.10.01"]
[Round "10"]
[White "Mossong,H"]
[Black "Halay,T"]
[Result "0-1"]
[WhiteElo "2184"]
[BlackElo "2358"]

1.e4 c5 2.Nc3 Nc6 3.Bb5 Nd4 4.Nge2 Nxb5 5.Nxb5 a6 6.Nbc3 d6 7.d4 cxd4 8.Qxd4 Nf6
9.Bg5 e6 10.O-O-O Be7 11.Bxf6 gxf6 12.f4 Qa5 13.g4 Rg8 14.h3 Bd7 15.Qe3 b5
16.Nd4 b4 17.Nb3 Qc7 18.Ne2 a5 19.Kb1 Kf8 20.f5 Kg7 21.Nf4 Kh8 22.Rc1 a4
23.Nd2 Qc5 24.Rhe1 Rgd8 25.Qg3 Qa5 26.c3 a3 27.b3 bxc3 28.Qxc3 Qxc3 29.Rxc3 d5
30.Nd3 dxe4 31.Rxe4 Bf8 32.fxe6 Bxe6 33.Re2 f5 34.Nf4 Bb4 35.Nxe6 fxe6 36.Rc2 Rd3
37.gxf5 exf5 38.Nc4 f4 39.Rf2 Rf8 40.h4 f3 41.Ne5 Re3 42.Ng4 Re1+ 43.Rc1 Rg8
44.Nh2 Rg2 45.Rxg2 fxg2 46.Rxe1 Bxe1 47.Nf3 Bxh4 48.b4 Bf2 49.Kc2 g1=Q 50.Nxg1 Bxg1
51.Kb3 h5 52.Kxa3 h4  0-1

[Event "Highlands Open"]
[Site "Zdar nad Sazavou CZE"]
[Date "2010.10.01"]
[Round "8"]
[White "Lyell,M"]
[Black "Kozak,Mi"]
[Result "0-1"]
[WhiteElo "2202"]
[BlackElo "2213"]

1.e4 c5 2.Nc3 Nc6 3.Bb5 Nd4 4.Bc4 e6 5.Nge2 Nf6 6.O-O a6 7.d3 b5 8.Bb3 Nxb3
9.axb3 Bb7 10.f4 d5 11.e5 d4 12.exf6 dxc3 13.fxg7 Bxg7 14.bxc3 Rg8 15.Rf2 Bxc3
16.Nxc3 Qd4 17.Be3 Qxe3 18.Ne4 O-O-O 19.Qe1 Qd4 20.c3 Qd5 21.c4 bxc4 22.bxc4 Qxd3
23.Nxc5 Rxg2+ 24.Rxg2 Qd4+ 25.Rf2 Qxc5 26.h3 Rd3 27.Ra5 Qd4 28.Kh2 Rd1 29.Rc5+ Qxc5  0-1

[Event "21st Open"]
[Site "Goch GER"]
[Date "2010.10.03"]
[Round "6.9"]
[White "Zozulia,A"]
[Black "Stuemer,P"]
[Result "1-0"]
[WhiteElo "2343"]
[BlackElo "2121"]

1.e4 c5 2.Nf3 Nc6 3.Nc3 g6 4.d4 cxd4 5.Nxd4 Bg7 6.Be3 Nf6 7.Nb3 O-O 8.Be2 b6
9.f4 Bb7 10.O-O d6 11.Bf3 Qc8 12.Kh1 h5 13.Qd2 Ng4 14.Bg1 Bh6 15.Nd5 Ba6
16.Nd4 Kh7 17.Nxc6 Bxf1 18.Ncxe7 Qa6 19.Qe1 Bc4 20.h3 Rae8 21.hxg4 hxg4 22.Nf6+ Kg7
23.Nxe8+ Rxe8 24.Bd4+ Kf8 25.Bxg4 Bg7 26.Bxg7+  1-0

[Event "21st Open"]
[Site "Goch GER"]
[Date "2010.10.03"]
[Round "7.44"]
[White "Coenen,S"]
[Black "May,Holger"]
[Result "1/2-1/2"]
[WhiteElo "2008"]
[BlackElo "1857"]

1.e4 c5 2.Nc3 Nc6 3.Nf3 g6 4.d4 cxd4 5.Nxd4 Bg7 6.Be3 Nf6 7.f3 O-O 8.Qd2 d5
9.Nxc6 bxc6 10.O-O-O Be6 11.Bd4 dxe4 12.Nxe4 Nxe4 13.fxe4 Bxd4 14.Qxd4 Qa5
15.a3 Rfd8 16.Qe3 Rxd1+  1/2-1/2

[Event "39th Olympiad Men"]
[Site "Khanty-Mansiysk RUS"]
[Date "2010.10.03"]
[Round "11"]
[White "Gomez,Joh"]
[Black "Kanep,M"]
[Result "1/2-1/2"]
[WhiteElo "2527"]
[BlackElo "2532"]

1.e4 c5 2.Nc3 Nc6 3.Bb5 e6 4.Bxc6 bxc6 5.d3 e5 6.f4 exf4 7.Bxf4 Ne7 8.Bd6 Ng6
9.Bxf8 Nxf8 10.Nf3 d6 11.d4 cxd4 12.Qxd4 Ne6 13.Qd2 Nc5 14.O-O-O Nb7 15.Nd4 Bd7
16.g4 O-O 17.Nf5 Bxf5 18.gxf5 Qf6 19.Rhg1 Rae8 20.Rg4 Kh8 21.Ne2 d5 22.exd5 Qxf5
23.Rb4 Qd7 24.Nf4 c5 25.Rb3 Nd6 26.Rg1 Qf5 27.Rf3 Qe5  1/2-1/2

[Event "Tatry Open"]
[Site "Tatranske Zruby CZE"]
[Date "2010.10.03"]
[Round "2"]
[White "Sikora,J"]
[Black "Jasny,S"]
[Result "0-1"]
[WhiteElo "2240"]
[BlackElo "2332"]

1.e4 c5 2.Nc3 Nc6 3.Nf3 d6 4.d4 cxd4 5.Nxd4 Nf6 6.f3 e5 7.Nde2 Be7 8.g4 O-O
9.Be3 Be6 10.g5 Nh5 11.Rg1 Nf4 12.Qd2 Nxe2 13.Bxe2 Rc8 14.Nd5 Bxd5 15.exd5 Nd4
16.Bxd4 exd4 17.f4 f5 18.O-O-O Qd7 19.Rge1 Qa4 20.Kb1 Bd8 21.Qd3 Ba5 22.Rf1 Rfe8
23.Bf3 g6 24.Qb3 Qxb3 25.axb3 Bb6 26.Rde1 d3 27.Rxe8+ Rxe8 28.cxd3 Re3 29.Kc2 Kf7
30.Kd2 Re7 31.Be2 Be3+ 32.Ke1 Bd4 33.h4 Re3 34.Rf3 Rxf3 35.Bxf3 Be3 36.b4 Bxf4
37.Kf2 b5 38.d4 Bd2 39.Be2 a6 40.Bd3 Bxb4 41.Ke2 Ba5 42.Bc2 Bd8 43.Ke3 h6
44.Kf4 hxg5+ 45.hxg5 Be7 46.b4 Bf8 47.Bd1 Bg7 48.Ke3 Ke8 49.Kd3 Kd7 50.Bc2 Kc7
51.Bd1 Kb6 52.Bc2 a5 53.Bd1 axb4 54.Bb3 Ka5 55.Ke3 Bf8 56.Kf3 Be7 57.Kf4 Bd8
58.Kf3 Bxg5 59.Ke2 Bc1 60.Kf3 Kb6  0-1

[Event "Tatry Open"]
[Site "Tatranske Zruby CZE"]
[Date "2010.10.05"]
[Round "5"]
[White "Farkas,V"]
[Black "Docekal,J"]
[Result "0-1"]
[WhiteElo "1946"]
[BlackElo "2263"]

1.e4 c5 2.Nc3 Nc6 3.Nf3 g6 4.g3 Bg7 5.Bg2 e6 6.O-O Nge7 7.d3 O-O 8.Be3 b6
9.Rb1 d5 10.exd5 exd5 11.Ne2 d4 12.Bd2 Be6 13.a3 a5 14.Qc1 Re8 15.Nf4 Bf5
16.Re1 Qd6 17.Ng5 Rac8 18.Re2 c4 19.Qe1 Ne5 20.Ne4 Qb8 21.dxc4 Bg4 22.b3 Nf3+
23.Bxf3 Bxf3 24.Ng5 Bxe2 25.Qxe2 Nd5 26.Qf3 Nxf4 27.Bxf4 Qa8 28.Qg4 Qb7 29.Rf1 Re7
30.Qd1 Rce8 31.Nf3 Qd7 32.Ne1 Qf5 33.Nd3 Re6 34.Bd2 g5 35.f4 g4 36.Re1 h5
37.Rxe6 Qxe6 38.Kf2 h4 39.Qe1 Qc6 40.Qd1 h3 41.Ne1 d3 42.Be3 dxc2  0-1

[Event "Karen Asrian Memorial"]
[Site "Jermuk ARM"]
[Date "2010.10.06"]
[Round "2"]
[White "Simonian,H"]
[Black "Pluzyan,A"]
[Result "1-0"]
[WhiteElo "2473"]
[BlackElo "2089"]

1.e4 c5 2.Nc3 Nc6 3.Bb5 Nd4 4.Bc4 Nf6 5.Nge2 a6 6.a4 e6 7.O-O d5 8.exd5 exd5
9.Ba2 Bg4 10.f3 Be6 11.Nxd4 cxd4 12.Ne2 d3 13.Nf4 dxc2 14.Qxc2 Bd6 15.Nxe6 fxe6
16.d3 O-O 17.Qe2 Qd7 18.g3 Rae8 19.Bb3 Kh8 20.Be3 e5 21.Kg2 Bb8 22.Bc5 Rf7
23.Rae1 Qc6 24.Rc1 Rc7 25.Be3 Qd7 26.Rxc7 Bxc7 27.Rc1 d4 28.Bf2 Bb8 29.Qc2 Nd5
30.Qc5 Ne7 31.Qc4 Rf8 32.Qe6 Qd8 33.Qg4 Qb6 34.Qe6 Qd8 35.Be1 Rf6 36.Qg4 Nf5
37.Bd2 Qf8 38.Qe4 Rb6 39.Bd1 Rxb2 40.Rc2 Rxc2 41.Bxc2 Qf7 42.Bb3 Ne3+ 43.Bxe3 Qxb3
44.Bf2 Qf7 45.g4 b5 46.Qa8 Qe8 47.a5 h5 48.Qxa6 hxg4 49.fxg4 Qd7 50.h3 e4
51.Qa8 Qe8 52.a6 Qe5 53.Qxe4 Qxe4+ 54.dxe4 Ba7 55.Be1 Kg8 56.Kf3 Kf7 57.e5 Ke6
58.Ke4 d3 59.Bc3 g5 60.Kxd3 Kd5 61.e6 Kxe6 62.Bd4  1-0

[Event "Tatry Open"]
[Site "Tatranske Zruby CZE"]
[Date "2010.10.06"]
[Round "6"]
[White "Partys,P"]
[Black "Volodin,V"]
[Result "0-1"]
[WhiteElo "2026"]
[BlackElo "2219"]

1.e4 c5 2.Nc3 Nc6 3.Bb5 g6 4.Bxc6 dxc6 5.d3 Bg7 6.Be3 b6 7.Qd2 h6 8.Nge2 e5
9.O-O-O Be6 10.f4 Qd7 11.h3 O-O-O 12.Qe1 Ne7 13.g4 f5 14.gxf5 gxf5 15.fxe5 Bxe5
16.Bf4 Bd4 17.Nxd4 cxd4 18.exf5 Bxf5 19.Qe5 Kb7 20.Ne2 Ng6  0-1

[Event "Tatry Open"]
[Site "Tatranske Zruby CZE"]
[Date "2010.10.07"]
[Round "7"]
[White "Sikora,J"]
[Black "Motuzova,M"]
[Result "1-0"]
[WhiteElo "2240"]
[BlackElo "1854"]

1.e4 c5 2.Nc3 Nc6 3.Nf3 d6 4.d4 cxd4 5.Nxd4 g6 6.Be3 Bg7 7.f3 Nf6 8.g4 Nxd4
9.Bxd4 h6 10.Qd2 a6 11.Nd5 O-O 12.Nxf6+ exf6 13.O-O-O Qe7 14.Be3 Kh7 15.Qxd6 Qxd6
16.Rxd6 b5 17.Be2 Be6 18.Rhd1 Rfc8 19.Kb1 Bf8 20.Rb6 Rc7 21.Bf4 Rc5 22.Rb8 Rxb8
23.Bxb8 f5 24.Rd8 Bg7 25.exf5 gxf5 26.Bd3 Bf6 27.Re8 Rd5 28.Bg3 Kg7 29.Ra8 fxg4
30.fxg4 Bxg4 31.Rxa6 b4 32.a4 bxa3 33.Rxa3 Be6 34.Ra4 Rd7 35.Ra5 Rb7 36.Rb5 Ra7
37.Be5 Ra4 38.Bxf6+ Kxf6 39.Rh5 Kg7 40.c3 Rf4 41.b4 f5 42.b5 Kg6 43.Rh3 h5
44.Rg3+ Kf6 45.b6 Bd5 46.Rg8 Rf3 47.Kc2 Rh3 48.Rf8+ Ke7 49.Rxf5 Rxh2+ 50.Kc1 Bc6
51.Rg5 Rh1+ 52.Kc2 Rh2+ 53.Kb3 Rd2 54.Bb5 Bf3 55.Rg7+ Kf6 56.Rd7 Rxd7 57.Bxd7 Ke7
58.Bc8 Kd8 59.Bh3 Bg4 60.Bg2 h4 61.Kb4 h3 62.Bf1 Kc8 63.c4 h2 64.Bg2 Kb8
65.c5 Bh3 66.Bh1 Bf1 67.c6 Kc8 68.Kc5 Kb8 69.Kd6 Kc8 70.Ke5 Kd8 71.Kf4 Ba6
72.Kg3 Kc8 73.Kxh2 Kb8 74.Kg3 Bb5 75.Kf4 Bc4 76.Ke5  1-0

[Event "Karen Asrian Memorial"]
[Site "Jermuk ARM"]
[Date "2010.10.08"]
[Round "4"]
[White "Babujian,L"]
[Black "Vardanian,Hak"]
[Result "1-0"]
[WhiteElo "2505"]
[BlackElo "2212"]

1.e4 c5 2.Nc3 Nc6 3.Bb5 g6 4.Bxc6 bxc6 5.d3 Bg7 6.Nge2 d6 7.O-O Nf6 8.h3 Rb8
9.Rb1 e5 10.f4 exf4 11.Bxf4 Nh5 12.Be3 Qh4 13.Qd2 h6 14.Rf3 Be5 15.d4 cxd4
16.Bxd4 Qe7 17.Rbf1 Be6 18.b3 Rb7 19.Na4 f6 20.Bxe5 fxe5 21.Rd3 Rd7 22.c4 g5
23.c5 d5 24.exd5 Bxd5 25.Qc3 Rf8 26.Rxf8+ Kxf8 27.Re3 Nf4 28.Nxf4 gxf4 29.Rxe5 Qg7
30.Re2 f3 31.Rf2 Ke8 32.Qxg7 Rxg7 33.Nc3 Rg5 34.h4 Rh5 35.Nxd5 Rxd5 36.Rxf3 Rxc5
37.Rf4 a5 38.Rc4 Rh5 39.Rxc6 Rxh4 40.Rc5 Rd4 41.Rxa5 Kd7 42.Ra7+ Kc8 43.Kh2 Kb8
44.Rh7 Rd2 45.Rxh6 Rxa2 46.Rc6 Kb7 47.Rc3 Ra8 48.g4 Rg8 49.Kg3 Kb6 50.Kf4 Rf8+
51.Ke5 Rg8 52.Kf5 Rf8+ 53.Ke6 Rg8 54.Rg3  1-0

[Event "Tatry Open"]
[Site "Tatranske Zruby CZE"]
[Date "2010.10.08"]
[Round "8"]
[White "Orosi,P"]
[Black "Volodin,V"]
[Result "0-1"]
[WhiteElo "2004"]
[BlackElo "2219"]

1.e4 c5 2.Nf3 Nc6 3.Nc3 e5 4.Bc4 Be7 5.d3 d6 6.h3 Nf6 7.Be3 O-O 8.g4 Be6
9.g5 Nh5 10.Nd5 g6 11.Qd2 Nd4 12.Ng1 Kg7 13.a4 Bxd5 14.Bxd5 Ne6 15.h4 Nef4
16.Rh2 f6 17.O-O-O fxg5 18.hxg5 Bxg5 19.Ne2 Kh8 20.Rdh1 Nxe2+ 21.Qxe2 Bxe3+
22.fxe3 Qe7 23.c3 Rf6 24.d4 Raf8 25.dxc5 dxc5 26.a5 b6 27.Qb5 bxa5 28.Qxa5 Rf1+
29.Rxf1 Rxf1+ 30.Kd2 Rf8 31.Kd3 Nf6 32.Rf2 Rd8 33.Kc4 Nxd5 34.exd5 Qh4+ 35.Kxc5 Rc8+
36.Kd6 Qxf2 37.Kd7 Qf5+ 38.Kd6 e4 39.Qa4  0-1

[Event "TCh-ISL Div 1 2010-11"]
[Site "Reykjavik ISL"]
[Date "2010.10.09"]
[Round "3.2"]
[White "Kulaots,K"]
[Black "Hreinsson,H"]
[Result "1-0"]
[WhiteElo "2592"]
[BlackElo "2271"]

1.e4 c5 2.Nf3 Nc6 3.Nc3 d6 4.d4 cxd4 5.Nxd4 e5 6.Nf3 Be7 7.Bc4 Be6 8.Bb3 Nf6
9.O-O O-O 10.Bg5 h6 11.Bxf6 Bxf6 12.Nd5 Bxd5 13.Qxd5 Qc7 14.c3 Bg5 15.Rfd1 Rad8
16.h4 Be7 17.g3 Qd7 18.Rd2 Qg4 19.Kg2 Rb8 20.Qd3 Nd8 21.Nh2 Qg6 22.Kh1 Ne6
23.Qf3 b5 24.Ng4 Kh8 25.Ne3 Nc5 26.Bc2 Rfd8 27.b4 Nd7 28.a4 bxa4 29.Rxa4 Rb7
30.Ra6 Nb6 31.Bb3 Bf8 32.Rda2 Rdd7 33.Nd5 Nc8 34.Ba4 Rd8 35.Bc6 Rb8 36.Rxa7 Nxa7
37.Rxa7 f6 38.Kg2 Rbc8 39.b5 h5 40.Qf5 Qxf5 41.exf5 Rb8 42.Kf3 Kh7 43.Nxf6+ Kh6
44.Nd5 g5 45.Ke4 gxh4 46.gxh4 Bg7 47.f6 Bxf6 48.Nxf6 Rf8 49.Kf5  1-0

[Event "I Memorial Oliver Gonzalez"]
[Site "Madrid ESP"]
[Date "2010.10.10"]
[Round "2"]
[White "Cuadrado Lopez,F"]
[Black "Martinez Gomez,A"]
[Result "1-0"]
[WhiteElo "1971"]
[BlackElo "1605"]

1.e4 c5 2.Nc3 Nc6 3.Nf3 g6 4.d4 cxd4 5.Nxd4 Bg7 6.Be3 Nf6 7.Bc4 O-O 8.O-O d6
9.f3 e6 10.Qd2 Ne7 11.Bb3 Qd7 12.Ba4 Qd8 13.Ndb5 d5 14.e5 Ne8 15.f4 a6 16.Nd4 b5
17.Bb3 b4 18.Nce2 a5 19.a3 a4 20.Ba2 bxa3 21.bxa3 f6 22.Nf3 Qc7 23.Rab1 Rb8
24.Rxb8 Qxb8 25.Rb1 Qc7 26.Bb6 Qd7 27.Qb4 Nc6 28.Qc3 fxe5 29.fxe5 Rf5 30.Ned4 Nxe5
31.Nxf5 Nxf3+ 32.Qxf3 gxf5 33.Re1 Qd6 34.Bf2 Nf6 35.c4 Ng4 36.Qg3 Qxg3 37.hxg3 dxc4
38.Bxc4 Kf7 39.Bb5 Nxf2 40.Kxf2 Bb2 41.Bxa4 Bxa3 42.Bb3 Bc5+ 43.Kf3 Kf6 44.g4 Bb7+
45.Kg3 Bd6+ 46.Kh4 e5 47.gxf5 Kxf5 48.g4+ Kg6 49.Bc2+ Kg7 50.Rb1 Be7+ 51.Kg3 Bc8
52.Rb8 Be6 53.Rb7 Kf6 54.Bxh7 Bd6 55.Be4 Kg5 56.Rg7+ Kf6 57.Rg6+ Kf7 58.Rh6 Bb4
59.g5 Be1+ 60.Kf3 Bb3 61.Rh7+ Kg8 62.Ke2 Bc3 63.Rc7 Bb4 64.g6 Bf8 65.Kd3 Be6
66.Ke3 Bb4 67.Kf3 Kf8 68.Rb7 Be1 69.Rc7 Bb4 70.Bc6 Bd2 71.Ke4 Bf4 72.Bd5 Bg8
73.g7+ Ke8 74.Bxg8 Kd8 75.Rb7 Kc8 76.Bd5 Bg5 77.g8=Q+ Bd8 78.Qg4+  1-0

[Event "I Memorial Oliver Gonzalez"]
[Site "Madrid ESP"]
[Date "2010.10.10"]
[Round "2"]
[White "Cerrato Torrijos,M"]
[Black "Estrada Martinez,C"]
[Result "1/2-1/2"]
[WhiteElo "2055"]
[BlackElo "2211"]

1.e4 c5 2.Nc3 Nc6 3.Nf3 g6 4.d4 cxd4 5.Nxd4 Bg7 6.Nb3 Nf6 7.Be2 O-O 8.O-O d6
9.Bg5 Be6 10.f4 Na5 11.e5 Nxb3 12.axb3 Qb6+ 13.Kh1 dxe5 14.fxe5 Rfd8 15.Qe1 Nd5
16.Bf3 Nxc3 17.bxc3 Qc7 18.Bf4 a6 19.c4 Rd4 20.Bg3 Rad8 21.Rd1 Rxd1 22.Bxd1 b5
23.cxb5 axb5 24.Qe3 Rd5 25.Bf3 Qc5 26.Qe2 Rd8 27.h3 b4 28.Bg4 Bxg4 29.Qxg4 Rd4
30.Bf2 Rxg4 31.Bxc5 Re4 32.Bxe7 Bxe5 33.Bf6 Bxf6 34.Rxf6 Kg7 35.Rc6 h5 36.Kg1 Re2  1/2-1/2

[Event "4NCL Individual Rapid"]
[Site "Newport Pagnell ENG"]
[Date "2010.10.10"]
[Round "9"]
[White "Rendle,T"]
[Black "Sherwin,J"]
[Result "1-0"]
[WhiteElo "2400"]
[BlackElo "2246"]

1.e4 c5 2.Nc3 Nc6 3.Bb5 g6 4.Bxc6 dxc6 5.f4 Bg7 6.Nf3 Nf6 7.O-O O-O 8.d3 b6
9.Qe1 c4 10.dxc4 Ba6 11.e5 Ng4 12.Qe4 Qc8 13.b3 Nh6 14.Bb2 Bb7 15.c5 bxc5
16.Na4 Ba6 17.c4 Qc7 18.Nxc5 Bc8 19.Bd4 Nf5 20.Bf2 h5 21.Rad1 Nh6 22.h3 Bf5
23.Qe2 Rad8 24.Nd4 Bc8 25.Qf3 Rxd4 26.Bxd4 Nf5 27.Bf2 h4 28.Rd2 Bh6 29.Rfd1 Ng3
30.Bxg3 hxg3 31.Qxg3 Qb6 32.Qf2 Bxf4 33.Qxf4 Qxc5+ 34.Qd4 Qa5 35.Qe3 Be6
36.Rd4 Qc5 37.Kh1 Kg7 38.b4 Qb6 39.c5 Qa6 40.Rh4 f6 41.Qh6+ Kf7 42.Qh7+ Ke8
43.Qxg6+ Bf7 44.Qg4 f5 45.Qxf5 Bd5 46.Qg6+ Kd7 47.Rxd5+ Kc7 48.Qd3 Qxa2 49.Rd7+ Kc8
50.Rxe7 Qb1+ 51.Qxb1 Rh8  1-0

[Event "TCh-CHN"]
[Site "Guangzhou CHN"]
[Date "2010.10.13"]
[Round "13"]
[White "Yu Shaoteng"]
[Black "Yu Yangyi"]
[Result "0-1"]
[WhiteElo "2529"]
[BlackElo "2574"]

1.e4 c5 2.Nc3 Nc6 3.Nf3 d6 4.d4 cxd4 5.Nxd4 Nf6 6.Be2 g6 7.O-O Nxd4 8.Qxd4 Bg7
9.Bb5+ Bd7 10.Bxd7+ Qxd7 11.Nd5 O-O 12.c3 Rfc8 13.Rd1 Qe6 14.f3 Rc5 15.Qd3 Nxd5
16.exd5 Qf5 17.Be3 Qxd3 18.Rxd3 Rc4 19.Rad1 b5 20.a3 a5 21.Kf1 Be5 22.h3 Kg7
23.Bd2 h6 24.Be3 g5 25.Bd2 Kg6 26.Re1 h5 27.Re2 g4 28.fxg4 hxg4 29.b3 Rc7
30.hxg4 a4 31.b4 Rc4 32.g5 Rh8 33.Rh3 Rxh3 34.gxh3 Bxc3 35.Bxc3 Rxc3 36.Rxe7 Rxa3
37.Rb7 Rxh3 38.Rxb5 a3 39.Ra5 Kxg5 40.Ra6 Rb3 41.Ke2 Rxb4 42.Rxa3 Rd4 43.Rg3+ Kf5
44.Rf3+  0-1

[Event "32nd Open"]
[Site "Arco ITA"]
[Date "2010.10.19"]
[Round "4"]
[White "Herman,Ma"]
[Black "Calavalle,G"]
[Result "1-0"]
[WhiteElo "2149"]
[BlackElo "2238"]

1.e4 c5 2.Nf3 Nc6 3.Nc3 e5 4.Bc4 d6 5.d3 Bg4 6.h3 Bh5 7.Nxe5 Nf6 8.Nxc6 bxc6
9.g4 Bg6 10.f4 h6 11.Qf3 Nd7 12.h4 Be7 13.g5 Bh7 14.b3 Nb6 15.Bb2 Qc7 16.gxh6 Bf6
17.hxg7 Bxg7 18.Nb5 cxb5 19.Bxg7 bxc4 20.Bxh8 cxd3 21.cxd3 O-O-O 22.Bf6 Re8
23.f5 Nd5 24.Bb2 Qa5+ 25.Kd1 Nb6 26.Rg1 d5 27.e5 Qb5 28.Rg7 Na4 29.Rxh7 Nxb2+
30.Kc2 Rxe5 31.Kxb2 Qb4 32.Qf2 Kb8 33.Rc1  1-0

[Event "Lichtenrader Herbst"]
[Site "Berlin GER"]
[Date "2010.10.20"]
[Round "5"]
[White "Feikes,J"]
[Black "Maahs,E"]
[Result "0-1"]
[WhiteElo "1968"]
[BlackElo "2124"]

1.e4 c5 2.Nf3 Nc6 3.Nc3 Nd4 4.Nxd4 cxd4 5.Nb5 e5 6.c3 a6 7.Qa4 Rb8 8.Na3 b5
9.Qb3 Bb7 10.cxd4 exd4 11.d3 Nf6 12.Be2 Be7 13.O-O O-O 14.Bf4 d6 15.Nc2 Qb6
16.a4 Rbc8 17.Rfc1 d5 18.e5 Nd7 19.axb5 axb5 20.Ne1 Nc5 21.Qd1 Ne6 22.Bd2 g6
23.Bg4 Rxc1 24.Rxc1 Rc8 25.f4 Rxc1 26.Qxc1 Ng7 27.b4 h5 28.Bh3 f5 29.exf6 Bxf6
30.Nf3 Qd6 31.Qe1 Bc6 32.Ne5 Be8 33.g4 g5 34.Nf3 gxf4 35.g5 Be7 36.Kh1 Bg6
37.Nxd4 Bxd3 38.Qh4 Qe5 39.Qxf4 Be4+ 40.Nf3  0-1

[Event "WY Boys-U18"]
[Site "Porto Carras GRE"]
[Date "2010.10.20"]
[Round "1.8"]
[White "Durarbeyli,V"]
[Black "Schnegg,D"]
[Result "1-0"]
[WhiteElo "2495"]
[BlackElo "2212"]

1.e4 c5 2.Nc3 Nc6 3.Nf3 g6 4.d4 cxd4 5.Nxd4 Bg7 6.Be3 Nf6 7.Bc4 O-O 8.Bb3 d6
9.f3 Bd7 10.Qd2 Rc8 11.O-O-O Na5 12.g4 Nc4 13.Bxc4 Rxc4 14.Kb1 Qa5 15.Nb3 Qc7
16.e5 Ne8 17.Nd5 Qd8 18.Bg5 f6 19.Nxf6+ Kh8 20.Nxd7 Qxd7 21.Rhe1  1-0

[Event "WY Girls-U16"]
[Site "Porto Carras GRE"]
[Date "2010.10.21"]
[Round "2.9"]
[White "Gevorgyan,M"]
[Black "Chumpitaz,A"]
[Result "0-1"]
[WhiteElo "1981"]
[BlackElo "2150"]

1.e4 c5 2.Nc3 Nc6 3.Bb5 Nd4 4.Bc4 e6 5.Nf3 Ne7 6.Nxd4 cxd4 7.Ne2 Nc6 8.d3 Bc5
9.O-O O-O 10.a3 a5 11.Nf4 a4 12.Qh5 Ra5 13.Qe2 Be7 14.Bd2 Rc5 15.Rac1 b5
16.Ba2 Re5 17.Nh5 g6 18.Ng3 b4 19.f4 Rb5 20.Bc4 Rb8 21.axb4 Nxb4 22.Bxb4 Rxb4
23.c3 dxc3 24.bxc3 Qb6+ 25.Rf2 Rxc4 26.dxc4 Bc5 27.Ra1 Qb3 28.f5 a3 29.f6 Qxc3
30.Rf1 Qxf6 31.e5 Qg7 32.Ne4 Qxe5 33.Nxc5 Qxc5 34.Kh1 Ba6 35.Rf4 d5 36.Qe5 Bxc4
37.Rc1 Qb4 38.Rd4 Qb2 39.Qe3 a2 40.Rdd1 Ra8 41.Ra1 Ra3 42.Qf4 Rc3 43.h4 h5
44.Kh2 Rc2 45.Qg5 Be2 46.Rdc1 Rxc1 47.Qxc1 Qxc1 48.Rxc1 Bd3 49.Rc8+ Kg7 50.Ra8 Bc4
51.Kg3 d4 52.Kf4 e5+ 53.Ke4 f5+ 54.Kxe5 d3 55.g4 hxg4 56.h5 gxh5  0-1

[Event "WY Boys-U18"]
[Site "Porto Carras GRE"]
[Date "2010.10.22"]
[Round "3.10"]
[White "Danilenko,D"]
[Black "Baron,Ta"]
[Result "0-1"]
[WhiteElo "2307"]
[BlackElo "2455"]

1.e4 c5 2.Nf3 Nc6 3.Nc3 Nf6 4.e5 Ng4 5.Qe2 f6 6.exf6 Nxf6 7.d4 cxd4 8.Nb5 d6
9.Nbxd4 e5 10.Bg5 Be7 11.Nxc6 bxc6 12.O-O-O Qb6 13.Qe3 Be6 14.c4 Qxe3+ 15.fxe3 Ne4
16.Bxe7 Kxe7 17.Rg1 Rhb8 18.Nd2 Nc5 19.b3 a5 20.Be2 a4 21.Kb2 Bf5 22.e4 axb3
23.axb3 Bxe4 24.Bf3 Bxf3 25.gxf3 g6 26.h4 Rb7 27.h5 Nd3+ 28.Kc2 Nf4 29.hxg6 hxg6
30.Rge1 Ra2+ 31.Kc3 Ne6 32.Rh1 Nc5 33.Ra1 Rxa1 34.Rxa1 d5 35.Ra5 d4+ 36.Kc2 Kd6
37.Ra8 Ke7 38.Ra5 Kd6 39.Ra8 Ke6 40.Ra5 Nd7 41.Ne4 Rc7 42.Kd3 Kf5 43.b4 Kf4
44.Nd2 Rb7 45.Ra6 Rxb4 46.Rxc6 e4+ 47.Kxd4 e3 48.Rd6 exd2 49.Kc3 Rb7 50.Kxd2 g5
51.Rg6 Rb4 52.Rd6 Ne5 53.Rf6+ Kg3 54.c5 Nxf3+ 55.Kc3 Rb8 56.Kc4 g4 57.Kd5 Kf2
58.c6 g3 59.c7 Rc8 60.Kd6 g2 61.Rg6 Ne5 62.Rf6+ Ke2  0-1

[Event "Guernsey Open"]
[Site "Grand Havre Bay GBG"]
[Date "2010.10.23"]
[Round "7"]
[White "Ippel,C"]
[Black "Dennis,N"]
[Result "1-0"]
[WhiteElo "1996"]
[BlackElo "1950"]

1.Nc3 c5 2.e4 Nc6 3.Nf3 g6 4.d4 cxd4 5.Nxd4 Bg7 6.Be3 d6 7.Bc4 a6 8.O-O Nf6
9.a3 O-O 10.Qd2 Nxd4 11.Bxd4 Qc7 12.Bb3 b5 13.Rad1 Bb7 14.f3 Bc6 15.Nd5 Bxd5
16.exd5 Qb7 17.Rfe1 Rfe8 18.Re2 Rac8 19.c3 Nd7 20.Bxg7 Kxg7 21.Re4 h5 22.Rh4 Ne5
23.Qd4 f6 24.f4 Nc4 25.Bxc4 Rxc4 26.Qf2 Rc5 27.Qd2 e6 28.dxe6 Rxe6 29.Rh3 Qe7
30.Kf2 Rc4 31.f5 Re5 32.Qxd6 Rf4+ 33.Rf3 Re2+ 34.Kf1 Rxf3+ 35.gxf3 Qe3 36.Qc7+ Kh6
37.Qg3 g5 38.Rd6 Kg7 39.Re6 h4 40.Rxe3 hxg3 41.Rxe2  1-0

[Event "15th European Club Cup Women"]
[Site "Plovdiv BUL"]
[Date "2010.10.23"]
[Round "7"]
[White "Sirkova,D"]
[Black "Mkrtchian,L"]
[Result "0-1"]
[WhiteElo "2094"]
[BlackElo "2484"]

1.e4 c5 2.Nc3 Nc6 3.Bb5 Na5 4.d4 a6 5.Be2 cxd4 6.Qxd4 Nc6 7.Qa4 Rb8 8.e5 b5
9.Qf4 e6 10.Be3 Nge7 11.Bh5 g6 12.Be2 Bg7 13.Ne4 Nf5 14.Nf3 d5 15.exd6 e5
16.d7+ Bxd7 17.Qg4 Nxe3 18.Nd6+ Kf8 19.Qe4 Nxg2+ 20.Kf1 Nf4  0-1